000 00763cam a2200241 a 4500
001 3872188
005 20180208075228.0
008 890906m19891994nyu b 001 0 eng
010 _a 89027330
020 _a0387971785 (v. 1 : alk. paper)
020 _a0387941568 (v. 2 : alk. paper)
040 _aDLC
_cDLC
_dDLC
041 _aeng
080 _a330..015195 dhy
082 0 0 _a330..015195 dhy
_220
100 1 _a50
101 _aeco
245 1 0 _aTopics in advanced econometrics /
_cPhoebus J. Dhrymes.
504 _aIncludes bibliographical references and indexes.
906 _a7
_bcbc
_corignew
_d1
_eocip
_f19
_gy-gencatlg
942 _2ddc
_cBK
999 _c42149
_d42149